Convivencia y disciplina en la escuela : el aprendizaje de la democracia /

Պահպանված է:
Մատենագիտական մանրամասներ
Հիմնական հեղինակ: Torrego, Juan Carlos (autor)
Այլ հեղինակներ: Moreno, Juan Manuel (autor) (autor)
Ձևաչափ: Գիրք
Լեզու:իսպաներեն
Հրապարակվել է: Madrid, España : Alianza, 2003, c2003
Շարք:(Alianza Ensayo ; 226)
Խորագրեր:
Ցուցիչներ: Ավելացրեք ցուցիչ
Չկան պիտակներ, Եղեք առաջինը, ով նշում է այս գրառումը!

MARC

LEADER 00000nam^a2200000^a^4500
001 000165790
005 20250521000000.0
009 20260310101028.99
020 |a 84-206-4176-6 
037 |a Acervo ITESO - Biblioteca 
041 |a ESP 
082 |a 371. 58  |b TOR 
100 |a Torrego, Juan Carlos  |e (autor) 
245 1 0 |a Convivencia y disciplina en la escuela :  |b el aprendizaje de la democracia /  |c J.C. Torrego, J.M. Moreno. 
264 4 |a Madrid, España :  |b Alianza,  |c 2003, c2003 
300 |a 207 p. 
336 |a texto  |b txt  |2 rdacontenido 
337 |a sin mediación  |b n  |2 rdamedio 
338 |a volumen  |b nc  |2 rdasoporte 
440 1 |a (Alianza Ensayo ;  |v 226) 
649 |a XX 
650 |a Alumnos 
650 |a Negociación y Mediación 
650 |a Violencia Escolar -  |x Prevención 
650 |a Problemas Sociales -  |x Prevención 
650 |a Conflicto (Relaciones Personales) -  |x Prevención 
650 |a Disciplina Escolar -  |x Tema Principal 
650 |a Administración Educativa 
650 |a Diseño y Revisión Curricular 
650 |a Currículo 
650 |a Interacción en la Educación -  |x Tema Principal 
650 |a Comunicación Educativa 
650 |a Proceso Educativo 
650 |a Democracia 
650 |a Educación Cívica 
650 |a Educación y Política 
650 |a Hogar y Escuela 
650 |a Familia 
650 |a Comunidad y Escuela 
650 |a Educación y Sociedad 
650 |a Sociología de la Educación 
650 |a Finalidades de la Educación 
650 |a Educación 
700 |a Moreno, Juan Manuel  |e (autor) 
910 |a Fondo General 
920 |a Impresos - Libros 
930 |a Colección General 
905 |a 101 
901 |a 0500101194  |b IT1  |c ACC  |u 20250521 
902 |a https://opac.biblio.iteso.mx/vufind/Record/000165790